| 000 | 01061nac a22002531u 4500 | ||
|---|---|---|---|
| 010 | _a 00042822 | ||
| 020 | _a1558604898 | ||
| 082 | 0 | 0 |
_a006.3 _bHAN |
| 090 |
_c4650 _d4650 |
||
| 100 | _aHan, Jiawei. | ||
| 245 | 1 | 0 |
_aData mining : _bconcepts and techniques / _cJiawei Han and Micheline Kamber. |
| 260 |
_aSan Francisco : _bMorgan Kaufmann Publishers,c.2001. _cc.2001. |
||
| 300 |
_axxiv, 550 p. : _bill. ; _c24 cm. |
||
| 440 | 4 | _aThe Morgan Kaufmann series in data management systems | |
| 500 | _adistributer: Al-Ahram | ||
| 504 | _aIncludes bibliographical references (p. 501-531) and index. | ||
| 511 | _acatalogued by: wessam | ||
| 650 | 0 | _aData mining. | |
| 700 | 1 | _aKamber, Micheline. | |
| 856 | 4 | 2 |
_3Publisher description _uhttp://www.loc.gov/catdir/description/els031/00042822.html |
| 856 | 4 | 2 |
_3Table of contents _uhttp://www.loc.gov/catdir/toc/els031/00042822.html |
| 942 |
_cBB _k006.3HAN |
||
| 999 |
_c4650 _d4650 |
||